000
00349nam a2200145Ia 4500
008
151213s9999 xx 000 0 und d
100
_a
Dr,.Shireen Haq
245
_a
Harvest
_c
Dr,.Shireen Haq
250
_a
1st
260
_a
`Dhaka
_b
Dept. of English J. U.
300
_a
4492 p.
650
_a
Reference
700
_a
Dr,.Shireen Haq
999
_c
2867
_d
2867